As-tu vraiment écouté les musiques de Youtubeurs ? - Statistiques

Statistiques générales
  • Ce quiz a été pris 14 fois
  • Le résultat moyen est 2 sur 13
Statistiques - réponses
Youtubeur(e/)s / Musiques Questions Réponses % Correct
Amixem/ La chanson des commentaires Où a-t-il trouvé son zizi ? Sur un site chinois
54%
Kezah - Freddy Gladieux/ Mirador Dans sa tête elle veut quoi ? Déjà se marier
46%
Inoxtag/ Pas b'soin d'toi Il vise son cœur comme ? Akainu
23%
CyrilMP4.../ RAP BATTLE DIVISION Dans l'ancienne vie "d'Amixem", que faisait-il dans son travail ? Des tableaux Excel, des bilans annuels
23%
Squeezie et Joyca/ Bye bye Que faut-t-il arrêter ? Faire semblant
23%
Norman/ Zelda Comment s'appelle son équipe ? Team Goron
23%
Le rire jaune.../ Le son des enfers Qui cane devant Kevin ? Son chien
15%
McFly et Carlito/ Il a mis son se*e Carlito a concocté quoi ? Un risotto
15%
Squeezie - Bigflo et Oli/ Le freestyle du dico Bigflo se fait une omelette à quoi ? Au cryptogramme
8%
Natoo/ La chanson des licornes Pourquoi elle fait du bodybuilding ? Pour plaire à Ryan Gosling
8%
Cyprien/ La cour des grands Que lui dit son petit doigt ? Qu'il va encore grimper
8%
Mastu/ Quotidien Depuis combien d'années met-il de côté ? 2-3 années
0%
Squeezie - SEB - Maxenss/ Freestyle des potes Comment il te séduit ? Une dédicace à ton petit frère
0%
Aucun quiz correspondant
Distribution des résultats
% des personnes avec chaque résultat
Percentile par nombre de réponses
Votre historique - résultats
Vous n’avez pas pris ce quiz